| 000 | 00484nam a2200181Ia 4500 | ||
|---|---|---|---|
| 008 | 090123s9999 xx 000 0 und d | ||
| 082 |
_b23701 _a891.463/कदम |
||
| 100 | _aकदम बाबा | ||
| 245 | _aघायाळ | ||
| 250 | _a0 | ||
| 260 |
_bशशीदिप प्रकाशन _c1989 |
||
| 300 | _a332 | ||
| 600 | _aकदम बाबा | ||
| 630 | _aघायाळ | ||
| 700 | _aकदम बाबा | ||
| 730 | _aघायाळ | ||
| 942 | _cBOOK | ||
| 999 |
_c61772 _d61772 |
||